Statistics for Countries Without A State Religion

Click here to take the quiz!

General Stats

  • This quiz has been taken 26 times
  • The average score is 20 of 26

Answer Stats

Answer% Correct
Australia
100%
Canada
100%
Chile
95%
China
95%
France
95%
India
95%
Japan
95%
New Zealand
95%
Philippines
91%
The United States
91%
Ireland
86%
South Africa
86%
The Netherlands
82%
Turkey
82%
Taiwan
77%
Portugal
73%
Czech Republic
68%
Singapore
68%
Switzerland
68%
Nepal
64%
Romania
64%
Colombia
55%
Nigeria
55%
South Korea
55%
Azerbaijan
50%
East Timor
36%

Score Distribution

Percentile by Number Answered

Percent of People with Each Score

Your Score History

You have not taken this quiz